00533nam a2200169Ia 4500008004100000020001800041041000800059082001700067100001600084245004500100250000600145260003600151300000800187650001800195999001900213952013100232210716s2009 xx 000 0 und d a9788131806470 aeng a005.133 DIXJ aDixit, J B. aProgramming in c and numerical analysis. a1 aBangalorebFirewall mediac2009 a355 aC Programming c194297d194297 001040708MCAaAIMITbAIMITeKnowledge Worldg375.00l0o005.133 DIXJpMCA13805r2025-07-21 00:00:00v281.25w2021-07-16yBK